La reine Margot (Record no. 181968)
[ view plain ]
| 000 -LEADER | |
|---|---|
| campo de control de longitud fija | 01137nam a2200265 i 4500 |
| 001 - NÚMERO DE CONTROL | |
| campo de control | 181968 |
| 003 - IDENTIFICADOR DE NÚMERO DE CONTROL | |
| campo de control | ES-MaACL |
| 005 - FECHA Y HORA DE LA ÚLTIMA TRANSACCIÓN | |
| campo de control | 20250704062532.0 |
| 008 - DATOS DE LONGITUD FIJA--INFORMACIÓN GENERAL | |
| campo de control de longitud fija | 130510s1853 fr |||| | fre d |
| 100 1# - ENTRADA PRINCIPAL--NOMBRE DE PERSONA | |
| Nombre de persona | Dumas, Alexandre, |
| Fechas asociadas al nombre | 1802-1870 |
| Término indicativo de función/relación | Autor |
| 9 (RLIN) | 241135 |
| 245 13 - MENCIÓN DEL TÍTULO | |
| Título | La reine Margot |
| Resto del título | : drame en cinq actes et treize tableaux / |
| Mención de responsabilidad, etc. | par MM. Alex. Dumas et A. Maquet,.... [Suivi de] Jean le postillon : monologue sur la chanson de F. Bérat / par MM. Carmouche et Paul Vermond... |
| 260 ## - PUBLICACIÓN, DISTRIBUCIÓN, ETC. | |
| Lugar de publicación, distribución, etc. | Paris : |
| Nombre del editor, distribuidor, etc. | Michel Lévy, |
| Fecha de publicación, distribución, etc. | [1853] |
| 300 ## - DESCRIPCIÓN FÍSICA | |
| Extensión | 44, 4 p. : |
| Otras características físicas | il. ; |
| Dimensiones | 30 cm. |
| 490 1# - MENCIÓN DE SERIE | |
| Mención de serie | Théâtre contemporain illustré ; |
| Designación de volumen o secuencia | 14e et 15e livraisons |
| 594 ## - Nota al título y mención de responsabilidad | |
| Nota al título y mención de responsabilidad | Ejemplar sin portada, titulo y autores tomados del principio del texto. |
| 596 ## - NOTA AL PIE DE IMPRENTA | |
| NOTA AL PIE DE IMPRENTA | Fecha de B.N. F. |
| 700 0# - ENTRADA AGREGADA--NOMBRE PERSONAL | |
| Nombre de persona | Maquet, Auguste. |
| 9 (RLIN) | 76282 |
| 700 1# - ENTRADA AGREGADA--NOMBRE PERSONAL | |
| Nombre de persona | Carmouche, Pierre-Frédéric-Adolphe. |
| 9 (RLIN) | 126343 |
| 700 1# - ENTRADA AGREGADA--NOMBRE PERSONAL | |
| Nombre de persona | Vermond, Paul. |
| 9 (RLIN) | 133642 |
| 740 0# - ENTRADA AGREGADA--TÍTULO RELACIONADO/ANALÍTICO NO CONTROLADO | |
| Título relacionado o analítico no controlado | Jean le postillon. |
| 830 0# - PUNTO DE ACCESO ADICIONAL DE SERIE-TÍTULO UNIFORME | |
| Título uniforme | Théâtre contemporain illustré ; |
| Designación de volumen o secuencia | 14e et 15e livraisons |
| 9 (RLIN) | 191707 |
| 852 ## - LOCALIZACIÓN | |
| Ubicación | ES-MaACL |
| Número de control de estantería | R-1708(8) |
| Nota libre | .- Enc. en un vol. facticio |
| 942 ## - ELEMENTOS DE ENTRADA SECUNDARIOS (KOHA) | |
| Fuente del sistema de clasificación o colocación | Clasificación decimal universal |
| Estatus retirado | Estado de pérdida | Estado de daño | No para préstamo | Colección | Biblioteca de origen | Biblioteca actual | Ubicación en estantería | Fecha de adquisición | Fuente de adquisición | Total de préstamos | Signatura topográfica completa | Código de barras | Visto por última vez | Precio de reemplazo | Tipo de ítem Koha |
|---|---|---|---|---|---|---|---|---|---|---|---|---|---|---|---|
| Libros del s. XIX | Biblioteca del Ateneo de Madrid | Biblioteca del Ateneo de Madrid | Depósito | 10/05/2013 | R-1708(8) | 1191228 | 23/02/2023 | 23/02/2023 | Libro impreso antiguo |
